Las Barracas de viña / Juan Bassegoda Nonell
Descripción Física:
p. 65-72 : il. ; 32 cm
MARC
| LEADER | 00000nam a2200000Ia 4500 | ||
|---|---|---|---|
| 001 | 16693 | ||
| 008 | 160829s1976 xx 000 0 cat d | ||
| 080 | |a FU-44-16 | ||
| 100 | |a Bassegoda i Nonell, Joan |9 23085 | ||
| 245 | |a Las Barracas de viña / Juan Bassegoda Nonell | ||
| 260 | |a Barcelona : |b Casa Provincial de Caridad, Impr. - Escuela, |c 1976 | ||
| 300 | |a p. 65-72 : |b il. ; |c 32 cm | ||
| 590 | |a Separata de la revista 'San Jorge' editada per la Diputació de Barcelona, núm. 98-99 (dec. 1976). | ||
| 590 | |a Bibliografia | ||
| 650 | |a Arquitectura rural |9 28665 | ||
| 650 | |a Vinya |9 40814 | ||
| 650 | |a Arquitectura anònima |x Catalunya I |9 30005 | ||
| 650 | |a Construccions agrícoles |x Catalunya |9 30006 | ||
| 901 | |a Arxiu | ||
| 942 | |n 1 | ||
| 952 | |0 0 |1 0 |4 0 |6 FU4416 |7 1 |9 45209 |a Arxiu |b Arxiu |d 2016-12-01 |l 0 |o FU-44-16 |p 16693 |r 2016-12-01 00:00:00 |w 2016-12-01 |y ARXIU | ||
| 999 | |c 48281 |d 48281 | ||